Literacy, mumeracy and problem solving in technology-rich environments framework for the OECD survey of adult skills

Salvato in:
Dettagli Bibliografici
Natura: Libro
Lingua:inglese
Pubblicazione: Paris OECD 2012
Soggetti:
Tags: Aggiungi Tag
Nessun Tag, puoi essere il primo ad aggiungerne!!

MARC

LEADER 00000nam a2200000 4500
001 0168720
005 20240315120900.3
020 |a 978-92-64-12880-4 
041 0 |a eng 
044 |a FR 
245 1 0 |a Literacy, mumeracy and problem solving in technology-rich environments  |b framework for the OECD survey of adult skills 
264 1 |a Paris  |b OECD  |c 2012 
300 |a 57 s. 
610 2 0 |a vzdelávanie dospelých 
610 2 0 |a vzdelanie 
610 2 0 |a zručnosti